Závisí miera nezamestnanosti od veľkosti okresu na Slovensku?

Jednorozmerná deskriptívna analýza ukazovateľov. Dvojrozmerná exploračná analýza ukazovateľov. Pearsonove a Spearmanove korelačné koeficienty.

Uložené v:
Podrobná bibliografia
Hlavný autor: Koróny, Samuel
Médium: Kapitola
Jazyk:Slovak
Predmet:
Tagy: Pridať tag
Žiadne tagy, Buďte prvý, kto otaguje tento záznam!

MARC

LEADER 00000naa$a2200000$$$4500
001 0108849
005 20220322131505.7
041 0 |a slo 
044 |a SK 
245 1 0 |a Závisí miera nezamestnanosti od veľkosti okresu na Slovensku?  |c Samuel Koróny 
520 |a Jednorozmerná deskriptívna analýza ukazovateľov. Dvojrozmerná exploračná analýza ukazovateľov. Pearsonove a Spearmanove korelačné koeficienty. 
610 2 0 |a miera nezamestnanosti 
610 2 0 |a okresy 
610 2 0 |a analýza korelačná 
610 2 0 |a koeficient korelácie 
610 2 0 |a analýza regresná 
610 2 0 |a metódy štatistické 
610 2 0 |a Slovensko 
100 1 |a Koróny, Samuel